000 00490cam a2200193ua 4500
001 2838
008 110912n ii |||gr||||Z||||||asm
020 _a81-7339-170-X
040 _cMAIN
082 _a891.451
100 1 _aKonwar, Arpana,
_eAuthor.
245 1 1 _aBhasa sahityar bibidh chinta
_cby Arpana konwar
250 _a1st.
260 _aDibrugarh:
_bBanalata,997.
300 _a204p:
_c23cm.
653 _aAssamese language
653 _aBhasa sahityar bibidh chinta
942 _cBK
999 _c2687
_d2687